00529 a2200121 4500082001100000100001600011245009200027260008100119300003900200500009500239700001600334856005700350 aMSIT-9 aSadaf Akram aEffective architecture for positive security enabled SWAF [Project MSIT-9]cSadaf Akram aIslamabadbNUST School of Electrical Engineering and Computer Sciencec2011. aix, 45p.b;ill.c;27 cm. +eCD-ROM aSupervisors: Dr. Hafiz Farooq Ahmad, Dr. Khalid Latif, Dr. Fauzan Mirza, Ms. Sana Khalique aSadaf Akram uhttp://10.250.8.41:8080/xmlui/handle/123456789/31485